10 Most Populous Cities in Michigan - Statistics

General Stats
  • This quiz has been taken 16 times
  • The average score is 6 of 10
Answer Stats
Population City % Correct
631,524 Detroit
100%
117,971 Ann Arbor
87%
104,541 Dearborn
87%
195,908 Grand Rapids
87%
111,964 Lansing
73%
133,055 Sterling Heights
67%
91,166 Livonia
60%
135,832 Warren
60%
98,865 Canton
20%
92,986 Macomb
0%
No matching quizzes found
Score Distribution
Percent of People with Each Score
Percentile by Number Answered
Your Score History
You have not taken this quiz